Boroughs of Toronto - Statistics

General Stats
  • This quiz has been taken 5 times
  • The average score is 4 of 6
Answer Stats
Hint Answer % Correct
N North York
100%
E East York
67%
E Etobicoke
67%
S Scarborough
67%
Y York
67%
O Old Toronto
33%
No matching quizzes found
Score Distribution
Percent of People with Each Score
Percentile by Number Answered
Your Score History
You have not taken this quiz